Zmluvy o tichom spoločenstve
Dokončenie článku z HN č.30/02 o nebankových subjektoch a spôsoboch uzatvárania vzťahov s klientami. Zmluva o pôžičke. Členský vklad v družstve.
Gespeichert in:
| 1. Verfasser: | |
|---|---|
| Format: | Buchkapitel |
| Sprache: | Slowakisch |
| Schlagworte: | |
| Tags: |
Keine Tags, Fügen Sie das erste Tag hinzu!
|
MARC
| LEADER | 00000naa a2200000 4500 | ||
|---|---|---|---|
| 001 | r044125 | ||
| 005 | 20230925125249.7 | ||
| 041 | 0 | |a slo | |
| 044 | |a SK | ||
| 245 | 1 | 0 | |a Zmluvy o tichom spoločenstve |c Monika Ščevovichova |
| 520 | |a Dokončenie článku z HN č.30/02 o nebankových subjektoch a spôsoboch uzatvárania vzťahov s klientami. Zmluva o pôžičke. Členský vklad v družstve. | ||
| 610 | 2 | 0 | |a subjekty nebankové |
| 610 | 2 | 0 | |a zmluvy |
| 610 | 2 | 0 | |a zmluvy o pôžičke |
| 610 | 2 | 0 | |a vzťahy peňažné |
| 610 | 2 | 0 | |a klienti |
| 100 | 1 | |a Ščevovichova, Monika | |